Món local i diversitat : estratègies, polítiques i serveis municipals per a la integració de persones immigrants no comunitàries estratègies, polítiques i serveis municipals per a la integració de persones immigrants no comunitàries
Publicado:
[Barcelona] :
Consorci de Recursos i Documentació per a l'Autonomia Personal (CRID), Dl. 2001
Descripción Física:
191 p. ; 30 cm
Colección:
Reflexió i debat ; 1
MARC
| LEADER | 00000nam a2200000Ia 4500 | ||
|---|---|---|---|
| 001 | 13080 | ||
| 008 | 160829s9999 xx 000 0 cat d | ||
| 080 | |a S-1-168 | ||
| 245 | |a Món local i diversitat : |b estratègies, polítiques i serveis municipals per a la integració de persones immigrants no comunitàries | ||
| 260 | |a [Barcelona] : |b Consorci de Recursos i Documentació per a l'Autonomia Personal (CRID), Dl. 2001 | ||
| 300 | |a 191 p. ; |c 30 cm | ||
| 490 | |a Reflexió i debat ; 1 | ||
| 650 | |a Integració social |x Catalunya |9 22153 | ||
| 650 | 0 | |a Immigrants |z Catalunya |9 35556 | |
| 651 | 0 | |a Catalunya |x Emigració i immigració |9 53951 | |
| 710 | 2 | |a Consorci de Recursos i Documentació per a l'Autonomia Personal |9 53949 | |
| 901 | |a Arxiu | ||
| 942 | |n 1 | ||
| 952 | |0 0 |1 0 |4 0 |6 S1168 |7 1 |9 42084 |a Arxiu |b Arxiu |d 2016-12-01 |l 0 |o S-1-168 |p 13080 |r 2016-12-01 00:00:00 |w 2016-12-01 |y ARXIU | ||
| 999 | |c 44531 |d 44531 | ||